000 00498nam a22001817a 4500
005 20260122033000.0
008 260122b |||||||| |||| 00| 0 eng d
020 _a978-0-544-33625-4
082 _aFic. L921 2012
100 _aLowry, Lois
_963
245 _aSon /
_cLois Lowry
260 _aNew York:
_bHoughton Mifflin Hartcourt,
_cc2012
300 _a393
541 _e7841 c.1
650 _aScience fiction
_964
650 _aMother and child - Fiction
_965
650 _aSeperation - Fiction
_966
999 _c2464
_d2464